00641nam a2200217 a 450000100060000000300080000600500170001400800410003102000160007203500190008804000350010704100080014208200260015010000210017624500520019726000520024930000300030150000190033165100360035065100370038645176BD-RjUL20211209053956.0160724r1973 enk||||| |||| 00| 0 eng d a05200014219 a(BD-RjUL)45294 aBD-RjULbengcBD-RjULdBD-RjUL aeng 223a309.154bSRS 1973 aSrinivas, M. N. 10aSocial change in modern India /cM. N. Srinivas aLondon :bUniversity of California Press,c1973 axv, 194 :bill. ;c13 cm. aIncludes Index aIndiavSocial conditionsy1947- aIndevConditions socialesy1947-